Estudios sobre literatura africana y afroamericana en español / (Record no. 194591)

MARC details
000 -LEADER
campo de control de longitud fija 02793nam a22004454c 4500
001 - NÚMERO DE CONTROL
campo de control 194591
003 - IDENTIFICADOR DE NÚMERO DE CONTROL
campo de control SpMaBN
005 - FECHA Y HORA DE LA ÚLTIMA TRANSACCIÓN
campo de control 20250824094049.0
008 - DATOS DE LONGITUD FIJA--INFORMACIÓN GENERAL
campo de control de longitud fija 230307s2023 sp | |||| 000 0 spa
015 ## - NÚMERO DE BIBLIOGRAFÍA NACIONAL
Número de bibliografía nacional MON23
017 ## - NÚMERO DE COPYRIGHT O DE DEPÓSITO LEGAL
Número de copyright o de depósito legal M 841-2023
Agencia que asigna Oficina Depósito Legal Madrid
020 ## - NÚMERO INTERNACIONAL ESTÁNDAR DEL LIBRO
Número Internacional Estándar del Libro 9788419370440
040 ## - FUENTE DE CATALOGACIÓN
Centro catalogador/agencia de origen SpMaBN
Lengua de catalogación spa
Centro/agencia transcriptor SpMaBN
Normas de descripción rda
080 ## - NÚMERO DE LA CLASIFICACIÓN DECIMAL UNIVERSAL
Número de la Clasificación Decimal Universal 821.134.2(6).09
100 1# - ENTRADA PRINCIPAL--NOMBRE DE PERSONA
Nombre de persona Nistal, Gloria
9 (RLIN) 234310
245 10 - MENCIÓN DEL TÍTULO
Título Estudios sobre literatura africana y afroamericana en español /
Mención de responsabilidad, etc. Gloria Nistal
250 ## - MENCION DE EDICION
Mención de edición [Primera edición, 2023]
264 #1 - PRODUCCIÓN, PUBLICACIÓN, DISTRIBUCIÓN, FABRICACIÓN Y COPYRIGHT
Producción, publicación, distribución, fabricación y copyright Madrid (España) :
Nombre del de productor, editor, distribuidor, fabricante Sial Ediciones,
Fecha de producción, publicación, distribución, fabricación o copyright [2023]
300 ## - DESCRIPCIÓN FÍSICA
Extensión 387 páginas ;
Dimensiones 21 cm
336 ## - TIPO DE CONTENIDO
Término de tipo de contenido Texto
Fuente rdacontent
337 ## - TIPO DE MEDIO
Nombre/término del tipo de medio sin mediación
Fuente rdamedia
338 ## - TIPO DE SOPORTE
Nombre/término del tipo de soporte volumen
Fuente rdacarrier
490 1# - MENCIÓN DE SERIE
Mención de serie Casa de África ;
Designación de volumen o secuencia 113
RLIN 176545
500 ## - NOTA GENERAL
Nota general Reúne artículos que han sido presentados en distintos congresos y muchos publicados en revistas especializadas en literatura africana
504 ## - NOTA DE BIBLIOGRAFÍA, ETC.
Nota de bibliografía, etc. Incluye referencias bibliográficas
520 ## - RESUMEN, ETC.
Sumario, etc. Este libro reúne artículos que han sido presentados en distintos congresos y muchos de ellos se han publicado con posterioridad en revistas especializadas en literatura africana como Oráfrica; Iberorromania; Afroeuropa; Hispanitas; Kalejdoskop Afrykanski; Candil o BradAmante.<br/><br/>Un pequeño grupo de artículos han sido estudios incluidos en algunos libros de las editoriales Sial Pigmalión, Diwan o Punto rojo.<br/><br/>En su mayoría los artículos tratan de la literatura de autores guineoecuatorianos, como María Nsué; Donato Ndongo; Justo Bolekia; Ciriako Bokesa; Leoncio Evita; José Fernando Siale; Maximiliano Nkogo y otros autores y autoras relevantes de Guinea Ecuatorial, pero se encuentran también textos dedicados a autores nacidos en Marruecos (León Cohén Mesonero), poetas colombianas afrodescendientes (María Teresa Ramírez Nieva; Mary Grueso Romero y Elcina Valencia Córdoba) o un estudio sobre la influencia en la literatura y el arte del mito de la reina Dido, reina de Cartago.<br/><br/>Gloria Nistal
650 #0 - PUNTO DE ACCESO ADICIONAL DE MATERIA--TÉRMINO DE MATERIA
Término de materia o nombre geográfico como elemento de entrada Literatura africana (Español)-
Subdivisión general Historia y crítica
9 (RLIN) 236236
655 #0 - TERMINO DE INDIZACIÓN--GENERO/FORMA
Datos o término principal de género/forma Críticas literarias
9 (RLIN) 233806
655 #4 - TERMINO DE INDIZACIÓN--GENERO/FORMA
Datos o término principal de género/forma Artículos
9 (RLIN) 175745
655 #0 - TERMINO DE INDIZACIÓN--GENERO/FORMA
Datos o término principal de género/forma Antologías
9 (RLIN) 176540
830 #0 - PUNTO DE ACCESO ADICIONAL DE SERIE-TÍTULO UNIFORME
9 (RLIN) 176545
Título uniforme Casa de África ;
Designación de volumen o secuencia 113
852 ## - LOCALIZACIÓN
Ubicación ES-MaACL
Ubicación en estantería Depósito J
Número de control de estantería N-8875
Encuadernación Encuadernación rústica con solapas
Donativo/Legado Donación: Editorial
itemnumber 203914
852 ## - LOCALIZACIÓN
Ubicación ES-MaACL
Sublocalización o colección R.154656
Ubicación en estantería Depósito J
Número de control de estantería N-9428
itemnumber 200686
Encuadernación Encuadernación rústica con solapas
Donativo/Legado Donación: Gloria Nistal
903 ## - NOMBRE PERSONAL DE DONANTE
9 234310
a Nistal, Gloria
e Donante
942 ## - ELEMENTOS DE ENTRADA SECUNDARIOS (KOHA)
Fuente del sistema de clasificación o colocación Clasificación decimal universal
Tipo de ítem Koha Libro impreso
Suprimir en OPAC No
Holdings
Estatus retirado Estado de pérdida Fuente del sistema de clasificación o colocación Estado de daño No para préstamo Biblioteca de origen Biblioteca actual Ubicación en estantería Fecha de adquisición Fuente de adquisición Número de control de estantería Total de préstamos Signatura topográfica completa Código de barras Visto por última vez Tipo de ítem Koha Precio de reemplazo
    Clasificación decimal universal     Biblioteca del Ateneo de Madrid Biblioteca del Ateneo de Madrid Depósito J 24/10/2023 Donación 1   N-9428 101205974 24/10/2023 Libro impreso  
    Clasificación decimal universal     Biblioteca del Ateneo de Madrid Biblioteca del Ateneo de Madrid Depósito J 26/07/2024 Donación     N-8875 101228886 26/07/2024 Libro impreso 26/07/2024